| 000 | 00322nam a22001217a 4500 | ||
|---|---|---|---|
| 082 |
_a720.222 _bROS |
||
| 100 |
_aMCE _923359 |
||
| 245 |
_aRichard rogers+architects architectural monographs/ _cMCE |
||
| 300 |
_a159p.: _bill,; _c35 cm. |
||
| 526 |
_a0 _b0 _c0 _d720_222000000000000_ROS |
||
| 650 |
_aMCE _9379 |
||
| 942 |
_2ddc _cBK |
||
| 999 |
_c549141 _d549141 |
||